| 000 | 00375nam a22001337a 4500 | ||
|---|---|---|---|
| 020 | _qPB. | ||
| 040 | _cFIZZA ISHAQ | ||
| 082 |
_a261.873 _bLEO |
||
| 100 |
_aSWEET,L.LEONARD. _9133765 |
||
| 245 |
_aTHE LION'S PRIDE AMERICA AND THE PEACEABLE COMMUNITY / _cLEONARD L.SWEET. |
||
| 260 |
_aNEW YORK ; _bABINGDON PRESS, _c1987. |
||
| 300 |
_a160 P. ; _c8.1X5.4IN |
||
| 942 |
_2ddc _cBK |
||
| 999 |
_c616726 _d616726 |
||